UM Logo

Advanced accounting: (Record no. 9326)

MARC details
000 -LEADER
fixed length control field 00564nam a22001697a 4500
008 - FIXED-LENGTH DATA ELEMENTS--GENERAL INFORMATION
fixed length control field 160512b xxu||||| |||| 00| 0 eng d
020 ## - INTERNATIONAL STANDARD BOOK NUMBER
International Standard Book Number 971-0489-11-4
082 ## - DEWEY DECIMAL CLASSIFICATION NUMBER
Edition number 2008
Classification number DFil 657.046
Item number G93a
100 ## - MAIN ENTRY--PERSONAL NAME
9 (RLIN) 27730
Personal name Guerrero, Pedro P.
245 ## - TITLE STATEMENT
Title Advanced accounting:
Remainder of title procedural approach, volume one/
Statement of responsibility, etc. Pedro P. Guerrero and Jose F. Peralta.
250 ## - EDITION STATEMENT
Edition statement 2008 edition.
260 ## - PUBLICATION, DISTRIBUTION, ETC. (IMPRINT)
Place of publication, distribution, etc. Manila:
Name of publisher, distributor, etc. GIC Enterprises & Co.,
Date of publication, distribution, etc. c2008.
300 ## - PHYSICAL DESCRIPTION
Extent vii, 416 pages;
Dimensions 23 cm.
650 #0 - SUBJECT ADDED ENTRY--TOPICAL TERM
9 (RLIN) 27731
Topical term or geographic name as entry element Accounting, Advanced.
700 ## - ADDED ENTRY--PERSONAL NAME
9 (RLIN) 27732
Personal name Peralta, Jose F.
942 ## - ADDED ENTRY ELEMENTS (KOHA)
Source of classification or shelving scheme Dewey Decimal Classification
Koha item type Filipiniana
Holdings
Withdrawn status Lost status Source of classification or shelving scheme Damaged status Not for loan Collection code Home library Current library Shelving location Source of acquisition Total Checkouts Full call number Barcode Date last seen Date last checked out Copy number Price effective from Koha item type
    Dewey Decimal Classification     Filipiniana UM Digos College - LIC UM Digos College - LIC Book Cart Purchased 4 DFil 657.046 G93a 2008 20476 05/15/2025 11/19/2019 1 05/08/2018 Filipiniana